| Record ID | ia:triplets0000greg_o1y7 |
| Source | Internet Archive |
| Download MARC XML | https://archive.org/download/triplets0000greg_o1y7/triplets0000greg_o1y7_marc.xml |
| Download MARC binary | https://www.archive.org/download/triplets0000greg_o1y7/triplets0000greg_o1y7_meta.mrc |
LEADER: 00546cam a2200205 a 4500
001 87030705
003 DLC
005 19930525070224.7
008 871013s1988 nyu 00011 eng
010 $a 87030705 //r93
020 $a0531150674
040 $aDLC$cDLC$dDLC$dOCoLC
050 00 $aPS3557.R4346$bT7 1988
082 00 $a813/.54$219
100 10 $aGregory, Mollie.
245 10 $aTriplets /$cMollie Gregory.
260 0 $aNew York :$bF. Watts,$c1988.
300 $a559 p. ;$c24 cm.
650 0 $aTriplets$xFiction.
655 7 $aHistorical fiction.$2gsafd